Erfolgreichste Länder in Basketball-WMs A-Z - Statistiken

Allgemein
  • Dieses Quiz wurde 74 mal gespielt
  • Das Durchschnittsergebnis liegt bei 14 aus 20
Antwortstatistiken
# Ergebnis Land % Korrekt
V Gold (5x) Vereinigte Staaten
97%
D Gold (1x) Deutschland
96%
F Bronze (2x) Frankreich
94%
K Bronze (1x) Kanada | Kroatien
86%
B Gold (2x) Brasilien
84%
I 4. Platz (2x) Italien
83%
A Gold (1x) Argentinien
81%
R Silber (2x) Russland
81%
C Bronze (2x) Chile
72%
G Silber (1x) Griechenland
71%
L Bronze (1x) Litauen
71%
J Gold (5x) Jugoslawien
70%
S Gold (3x) Sowjetunion
58%
U 6. Platz (1x) Uruguay
58%
Z 14. Platz (1x) Zentralafrikanische Republik
52%
M 8. Platz (1x) Mexiko
51%
T Silber (1x) Türkei
49%
N 4. Platz (1x) Neuseeland
43%
E 8. Platz (1x) Ecuador
35%
P Bronze (1x) Philippinen
29%
Keine übereinstimmenden Quizze gefunden
Verteilung der Resultate
Anzahl Personen mit jedem Resultat
Perzentil nach korrekt beantworteten Fragen
Ihre Resultats-Entwicklung
Sie haben dieses Quiz noch nicht gespielt